00290nam a2200121Ia 4500008004100000100001800041245001200059260005000071300000900121650001400130942000700144999001700151190216s9999||||xx |||||||||||||| ||und|| aBalamani Amma 0aSopanam bThe Mathrubhumi Printing And Publishersc1985 a355p aKavithkal cBK c25983d25983